User guide on process integration for the efficient use of energy /

Saved in:
Bibliographic Details
Corporate Author: Institution of Chemical Engineers (Great Britain)
Other Authors: Linnhoff, B. (Bodo)
Format: Book
Language:English
Published: Oxford ; New York : Pergamon Press, 1982.
Edition:1st ed.
Subjects:
LEADER 01364nam a2200313 a 4500
001 c000047990
003 CARM
005 00000000000000.0
008 s1982 enka b 00100 eng
019 1 |a 2507230  |z 40514380  |5 LACONCORD2021 
020 |a 0080302459 (pbk.) :  |c $25.00 
035 |a (OCoLC)9282354  |5 LACONCORD2021 
050 0 0 |a TJ163.5.C54  |b U83 1982 
245 0 0 |a User guide on process integration for the efficient use of energy /  |c authors of the guide, B. Linnhoff ... [et al.] ; contributors, J.R. Flower ... [et al.]. 
250 |a 1st ed. 
260 |a Oxford ;  |a New York :  |b Pergamon Press,  |c 1982. 
300 |a v, 247 p. :  |b ill. ;  |c 21 cm. 
500 |a "The authors were members of a working party set up by the Institution of Chemical Engineers ..." 
500 |a Includes index. 
504 |a Bibliography: p. 243-244. 
650 0 |a Chemical plants  |x Energy conservation. 
650 0 |a Chemical processes. 
700 1 |a Linnhoff, B.  |q (Bodo) 
710 2 0 |a Institution of Chemical Engineers (Great Britain) 
740 0 1 |a Process integration for the efficient use of energy. 
852 8 |b CARM  |h A2:AG09A0  |i B01960  |p 0084159  |f BK 
082 0 4 |a 660.2/81  |2 19 
999 f f |i 7cdbad46-1937-59d0-a3a8-c5d1f3f36beb  |s cfec79d6-e05b-5709-9808-b7a94c2b1aaf 
952 f f |p Can circulate  |a CAVAL  |b CAVAL  |c CAVAL  |d CARM 1 Store  |e B01960  |f A2:AG09A0  |h Other scheme  |i book  |m 0084159